Book Titles by Antonym Quiz Stats

 Plays Quiz Updated Nov 17, 2017

Support Sporcle.
Go Orange.
Score 0/22 Timer 07:00
3 Plays Today
Antonym Title Real Title % Correct
Visible WomanInvisible Man
91.8%
Daughters and HatersSons and Lovers
91.6%
Peace and WarWar and Peace
89.5%
The SitThe Stand
89.4%
The Clothed and the AliveThe Naked and the Dead
84.6%
None of the Queen's WomenAll the King's Men
77.8%
The Small AwakeThe Big Sleep
76.3%
Humility and TolerancePride and Prejudice
70.5%
Noon's AdultsMidnight's Children
68%
A Hello From LegsA Farewell to Arms
67.7%
Off the SidewalkOn the Road
66.3%
Antonym Title Real Title % Correct
They The DeadWe The Living
62.9%
The Moon However SetsThe Sun Also Rises
59.5%
Hell FoundParadise Lost
58.3%
To There From TemporaryFrom Here to Eternity
53.1%
Turtle, WalkRabbit, Run
52.9%
The Silence and the CalmThe Sound and the Fury
43.6%
The Window Out of WinterThe Door Into Summer
40.2%
Friend in a Familiar OceanStranger in a Strange Land
37.5%
Rough is the DayTender is the Night
25.4%
Secular TragedyDivine Comedy
24.2%
DenialsConfessions
20.4%

From the Vault

20 Famous Guitar Players

by nscox

Music 6m
These musicians don't even look like real people without a guitar in hand.
Remove Ads.
Support Sporcle.
Get the best of Sporcle when you Go Orange. This ad-free experience offers more features, more stats, and more fun while also helping to support Sporcle. Thank you for becoming a member.

Show Comments

Extras

Top Quizzes Today


Score Distribution

Your Account Isn't Verified!

In order to create a playlist on Sporcle, you need to verify the email address you used during registration. Go to your Sporcle Settings to finish the process.

Report this User

Report this user for behavior that violates our Community Guidelines.

Details: